header

Making a large irrigation scheme work (Record no. 154376)

MARC details
000 -LEADER
fixed length control field 01310nam a2200337Ia 4500
082 04 - DEWEY DECIMAL CLASSIFICATION NUMBER
Classification number 333.91/3/096623
100 1# - MAIN ENTRY--AUTHOR NAME
Personal name Aw, Djibril,
245 10 - TITLE STATEMENT
Title Making a large irrigation scheme work
260 ## - PUBLICATION, DISTRIBUTION, ETC. (IMPRINT)
Place of publication Washington, DC :
Name of publisher World Bank,
Year of publication 2005.
300 ## - PHYSICAL DESCRIPTION
Number of Pages xx, 156 p.
490 1# - SERIES STATEMENT
Series statement Directions in development
650 #0 - SUBJECT ADDED ENTRY--TOPICAL TERM
Topical Term Irrigation
Topical Term Water resources development
700 1# - ADDED ENTRY--PERSONAL NAME
Personal name Diemer, Geert.
856 40 - ELECTRONIC LOCATION AND ACCESS
Uniform Resource Identifier http://site.ebrary.com/lib/rucke/Doc?id=10074984

No items available.

© 2026 Rongo University
Contact us: librarian | system librarian | Rongo university